[Event "Veletrzni turnaj 2020"]
[Site "Brno"]
[Date "2020.08.24"]
[Round "3.2"]
[White "Glozar, Petr"]
[Black "Zuziak, Petr"]
[Result "1-0"]
[WhiteElo "2010"]
[BlackElo "1861"]
[PlyCount "117"]
[EventDate "2020.08.23"]

1. d4 Nf6 2. c4 c5 3. d5 b5 4. cxb5 a6 5. bxa6 g6 6. Nc3 Bxa6 7. e4 Bxf1 8.
Kxf1 d6 9. Nf3 Bg7 10. h3 Nbd7 11. Kg1 O-O 12. Kh2 Qa5 13. Re1 Rfb8 14. Re2 Rb7
15. Rc2 Rb4 16. Qe2 Ra7 17. Nd2 e6 18. a3 Rb8 19. Nc4 Qa6 20. Bf4 exd5 21. Nxd5
Nxd5 22. exd5 Rb3 23. Qe8+ Nf8 24. Bxd6 Ra8 25. Qc6 Qxc6 26. dxc6 Ne6 27. c7
Rc8 28. Na5 Rb6 29. Bg3 Bf8 30. Nc4 Ra6 31. Rd1 Nxc7 32. Rd7 Nb5 33. Nd2 Rac6
34. Ne4 Nd4 35. Rc4 Nf5 36. Be5 Be7 37. g4 Re6 38. gxf5 Rxe5 39. f4 Rxf5 40.
Ng3 Bf6 41. Nxf5 gxf5 42. b4 Ra8 43. Rxc5 Rxa3 44. Rxf5 Kg7 45. Rd2 Kg6 46. Rb5
Rf3 47. Rg2+ Kh6 48. Rf5 Be7 49. b5 f6 50. Rg4 Rb3 51. Rd5 Rb4 52. f5 Rb2+ 53.
Rg2 Rb3 54. Rd4 Kh5 55. Rd7 Bf8 56. Rxh7+ Bh6 57. Rg6 Rxh3+ 58. Kg2 Rh4 59.
Rhxh6# 1-0

[Event "Veletrzni turnaj 2020"]
[Site "Brno"]
[Date "2020.08.24"]
[Round "3.3"]
[White "Snorek, Milan"]
[Black "Lukas, Frantisek"]
[Result "1/2-1/2"]
[WhiteElo "1963"]
[BlackElo "1849"]
[PlyCount "119"]
[EventDate "2020.08.23"]

1. Nf3 d5 2. d4 c5 3. c3 Nf6 4. Bf4 cxd4 5. cxd4 Nc6 6. Nc3 a6 7. e3 Bg4 8. Bd3
e6 9. Qb3 Bxf3 10. gxf3 Bd6 11. Bxd6 Qxd6 12. O-O O-O 13. f4 Ng4 14. h3 Nh6 15.
Qd1 f5 16. Qf3 (16. Na4 {0,25}) 16... Rac8 17. Rac1 b5 18. Bb1 Rc7 19. Ne2 Rfc8
20. Rc5 Na5 21. Rxc7 Rxc7 22. Rc1 Rxc1+ 23. Nxc1 Nf7 24. Nd3 Qc6 25. Qe2 Nb7
26. Kg2 Qc4 27. Qd2 {0,38} Nfd6 28. Ne5 Qc7 29. Bd3 Nf7 30. Qb4 Nxe5 31. fxe5 {
0,88} Kf7 32. a4 Qe7 33. Qc3 bxa4 34. Bxa6 Nd8 35. Bb5 Qa7 36. Qb4 g5 37. Bxa4
{1,77} f4 38. exf4 gxf4 39. Kf3 Kg8 40. Bd1 (40. Kxf4 {2,06}) 40... Nc6 41. Qc3
Nxd4+ 42. Kxf4 Qf7+ 43. Ke3 Nf5+ 44. Kd2 Ne7 45. Qg3+ Ng6 46. Bg4 Kg7 47. Ke1
Qc7 48. Qc3 Qxe5+ 49. Qxe5+ Nxe5 50. Bxe6 Nd3+ 51. Kd2 Nxb2 52. Bxd5 {0,96} Na4
53. Kd3 Kf6 54. Kd4 Nb6 55. Be4 h6 56. Bc6 Nc8 57. Ke4 Ne7 58. Bb7 Ng6 59. Bc8
Kg5 60. Bf5 1/2-1/2

[Event "Veletrzni turnaj 2020"]
[Site "Brno"]
[Date "2020.08.24"]
[Round "3.4"]
[White "Rehurek, Karel"]
[Black "Wunsch, Radek"]
[Result "1/2-1/2"]
[WhiteElo "1755"]
[BlackElo "1902"]
[PlyCount "81"]
[EventDate "2020.08.23"]

1. e4 Nc6 2. Nf3 e5 3. Bc4 Bc5 4. c3 Nf6 5. d4 exd4 6. cxd4 Bb4+ 7. Bd2 Bxd2+
8. Nbxd2 d5 9. exd5 Nxd5 10. Qb3 Nce7 11. O-O O-O 12. Rfe1 c6 13. a4 a5 14. Re5
Ng6 15. Ree1 Nb4 16. Rad1 Bf5 17. Ne4 Nf4 18. Rd2 Rb8 19. Nc3 Bg4 20. Ne2 Nxg2
21. Kxg2 Bxf3+ 22. Kxf3 Qf6+ 23. Nf4 g5 24. Re4 b5 25. axb5 cxb5 26. Bf1 gxf4
27. Rxf4 Qh6 28. d5 Rb6 29. d6 Rxd6 30. Rxd6 Qxd6 31. Rg4+ Kh8 32. Bxb5 Qxh2
33. Qc3+ f6 34. Bc4 Qe5 35. Qxe5 fxe5+ 36. Ke4 h5 37. Rh4 Rxf2 38. b3 Rf4+ 39.
Rxf4 exf4 40. Kxf4 Kg7 41. Kg5 1/2-1/2

[Event "Veletrzni turnaj 2020"]
[Site "Brno"]
[Date "2020.08.24"]
[Round "3.5"]
[White "Pokorny, Petr"]
[Black "Nekvasil, Radek"]
[Result "1/2-1/2"]
[WhiteElo "2215"]
[BlackElo "1735"]
[PlyCount "101"]
[EventDate "2020.08.23"]

1. d4 d5 2. c4 e5 3. dxe5 d4 4. Nf3 Nc6 5. a3 Bg4 6. Bf4 Nge7 7. Nbd2 Ng6 8.
Bg3 Qe7 9. Qc2 O-O-O 10. h3 Bxf3 11. Nxf3 Kb8 12. Qe4 Qe6 13. Nd2 Ngxe5 14.
Bxe5 Qxe5 15. g3 Bd6 16. Qxe5 Bxe5 17. Bg2 Rhe8 18. f4 Bf6 19. Kf2 d3 20. e3
Nd4 21. Rad1 Nc2 22. Ne4 Bxb2 23. Rb1 Bxa3 24. Ng5 Bb4 25. Nxf7 Rd7 26. Ne5 Rd6
27. c5 Bxc5 28. Bxb7 Bxe3+ 29. Kg2 Bb6 30. Be4 Ne3+ 31. Kf3 d2 32. Rxb6+ axb6
33. Kxe3 d1=Q 34. Rxd1 Rxd1 35. Bxh7 c5 36. Kf3 Kc7 37. Be4 b5 38. Nd3 Rxe4 39.
Kxe4 c4 40. Nb4 Rd7 41. f5 c3 42. g4 Kb6 43. g5 Kc5 44. Nd3+ Rxd3 45. Kxd3 b4
46. h4 Kd5 47. h5 Ke5 48. h6 gxh6 49. gxh6 Kf6 50. Kc2 Kf7 51. Kb3 1/2-1/2

[Event "Veletrzni turnaj 2020"]
[Site "Brno"]
[Date "2020.08.24"]
[Round "3.13"]
[White "Vaculik, Martin"]
[Black "Ulcak, Michael"]
[Result "1-0"]
[WhiteElo "1795"]
[BlackElo "1552"]
[PlyCount "44"]
[EventDate "2020.08.23"]

1. d4 d5 2. c4 c6 3. cxd5 cxd5 4. Nc3 Nf6 5. Bf4 e6 6. e3 Bb4 7. Bd3 O-O 8. Rc1
Bd7 9. Nf3 Nc6 10. h4 Rc8 11. O-O Qe7 12. a3 Bd6 13. Ne5 Ne8 14. Qc2 Bxe5 15.
dxe5 d4 16. exd4 Nxd4 17. Qd1 Nf5 18. Bxf5 exf5 19. Qd3 g6 20. Nd5 Qe6 21. Bh6
Ng7 22. Nf6+ Kh8 1-0

[Event "Veletrzni turnaj 2020"]
[Site "Brno"]
[Date "2020.08.24"]
[Round "3.6"]
[White "Blazek, Pavel"]
[Black "Barak, David"]
[Result "1/2-1/2"]
[WhiteElo "1740"]
[BlackElo "2098"]
[PlyCount "98"]
[EventDate "2020.08.23"]

1. e4 c5 2. Nf3 Nc6 3. d4 cxd4 4. Nxd4 e5 5. Nb5 d6 6. N1c3 a6 7. Na3 b5 8. Nd5
Nce7 9. c3 Be6 10. Nc2 Nxd5 11. exd5 Bd7 12. Be2 f5 13. O-O Nf6 14. Bg5 Be7 15.
Bxf6 Bxf6 16. Ne3 O-O 17. c4 Qb6 18. Qb3 Rab8 19. Rac1 e4 20. cxb5 axb5 21. Nc2
Rb7 22. Rfd1 Kh8 23. Qb4 Ra8 24. Na3 h6 25. Rc2 Ra4 26. Qb3 Bd4 27. Qg3 Be5 28.
Qb3 Kh7 29. Rdc1 Rd4 30. Rc6 Qa5 31. Nc4 Rxc4 32. Bxc4 Bxc6 33. dxc6 bxc4 34.
Qxb7 d5 35. a4 Qd2 36. Rf1 e3 37. fxe3 Qxe3+ 38. Kh1 Qe2 39. Rb1 Qh5 40. h3 Qh4
41. Qb6 d4 42. c7 Qg3 43. Kg1 Qe3+ 44. Kh1 Qg3 45. Kg1 Qh2+ 46. Kf1 Qf4+ 47.
Kg1 Qh2+ 48. Kf1 Qf4+ 49. Kg1 Qh2+ 1/2-1/2

[Event "Veletrzni turnaj 2020"]
[Site "Brno"]
[Date "2020.08.24"]
[Round "3.7"]
[White "Mensik, Pavel"]
[Black "Pribyl, Rene"]
[Result "0-1"]
[WhiteElo "1853"]
[BlackElo "1950"]
[PlyCount "94"]
[EventDate "2020.08.23"]

1. e4 e5 2. Nf3 Nf6 3. d4 Nxe4 4. Bd3 d5 5. Nxe5 Be7 6. O-O O-O 7. Qe2 f5 8. c4
c6 9. Nc3 Nd7 10. Nxd7 Bxd7 11. Be3 dxc4 12. Bxc4+ Kh8 13. Rad1 Nxc3 14. bxc3
f4 15. Bc1 f3 16. gxf3 Bd6 17. Kh1 Qh4 18. f4 Rae8 19. Qd3 Bg4 20. Qg3 Qxg3 21.
fxg3 Bxd1 22. Rxd1 b5 23. Bd3 a6 24. Kg2 c5 25. Ba3 Rc8 26. Re1 Rfd8 27. Bf5
Rc7 28. Re6 g6 29. Be4 b4 30. Bb2 Re7 31. Rxe7 Bxe7 32. cxb4 cxb4 33. d5+ Kg8
34. Kf3 Kf7 35. g4 Bf6 36. Be5 Rc8 37. g5 Bxe5 38. fxe5 a5 39. Ke3 a4 40. Kd4
b3 41. axb3 a3 42. Bb1 Rc1 43. Ba2 Rc2 44. e6+ Ke7 45. b4 Rxa2 46. Kc5 Rc2+ 47.
Kb6 a2 0-1

[Event "Veletrzni turnaj 2020"]
[Site "Brno"]
[Date "2020.08.24"]
[Round "3.8"]
[White "Stehlik, Jiri"]
[Black "Tajovsky, Matej"]
[Result "1-0"]
[WhiteElo "1945"]
[BlackElo "1816"]
[PlyCount "47"]
[EventDate "2020.08.23"]

1. c4 e5 2. Nc3 Nf6 3. g3 d5 4. cxd5 Nxd5 5. Bg2 Nb6 6. Nf3 Nc6 7. O-O Be7 8.
d3 Be6 9. Be3 Qd7 10. Na4 h5 11. h4 f6 12. Nc5 Bxc5 13. Bxc5 O-O-O 14. b4 Nd4
15. Nxd4 exd4 16. a4 g5 17. a5 Kb8 18. axb6 cxb6 19. Rxa7 Bd5 20. Bxd5 Qxd5 21.
Bxb6 Qc6 22. Bxd8 Kxa7 23. Qa1+ Kb8 24. Rc1 1-0

[Event "Veletrzni turnaj 2020"]
[Site "Brno"]
[Date "2020.08.24"]
[Round "3.9"]
[White "Dvoracek, Jan Matyas"]
[Black "Simbera, Jiri"]
[Result "1/2-1/2"]
[WhiteElo "1761"]
[BlackElo "2038"]
[PlyCount "60"]
[EventDate "2020.08.23"]

1. e4 g6 2. d4 Bg7 3. Nc3 d6 4. h3 a6 5. a4 b6 6. Nf3 Bb7 7. Bc4 e6 8. O-O Ne7
9. d5 e5 10. Be3 O-O 11. Qd2 Nd7 12. Rfe1 Nf6 13. Bh6 Kh8 14. a5 b5 15. Bf1
Neg8 16. Bxg7+ Kxg7 17. Na2 h6 18. c4 bxc4 19. Qb4 Qc8 20. Qxc4 Ne8 21. Nb4 f5
22. Nd2 Ngf6 23. Nc6 Qd7 24. Bd3 fxe4 25. Bxe4 Nxe4 26. Nxe4 Nf6 27. Nxf6 Rxf6
28. Rac1 Rf7 29. Re4 Raf8 30. f3 Ra8 1/2-1/2

[Event "Veletrzni turnaj 2020"]
[Site "Brno"]
[Date "2020.08.24"]
[Round "3.10"]
[White "Mares, Jaroslav"]
[Black "Zikan, Karel"]
[Result "1-0"]
[WhiteElo "1947"]
[BlackElo "1646"]
[PlyCount "95"]
[EventDate "2020.08.23"]

1. c4 c6 2. d4 d5 3. e3 Nf6 4. b3 Bf5 5. Nc3 e6 6. Nf3 Bb4 7. Bd2 O-O 8. a3 Bd6
9. Nh4 Bg6 10. Nxg6 hxg6 11. Bd3 Nbd7 12. f4 dxc4 13. bxc4 c5 14. Qf3 cxd4 15.
exd4 Qc8 16. c5 Be7 17. g4 Qc6 18. Qxc6 bxc6 19. h3 Rfd8 20. Ke2 Nd5 21. Nxd5
exd5 22. g5 Re8 23. Kf3 Rab8 24. Rab1 Rxb1 25. Rxb1 Rb8 26. Rxb8+ Nxb8 27. h4
Bd8 28. Kg4 Bc7 29. f5 gxf5+ 30. Bxf5 g6 31. Bc8 Kg7 32. a4 f6 33. gxf6+ Kxf6
34. Bg5+ Kf7 35. Bf4 Bxf4 36. Kxf4 Kf6 37. a5 Ke7 38. Kg5 Kf7 39. Kf4 Kf6 40.
a6 Kf7 41. Kg5 Kg7 42. Bb7 Kf7 43. Kh6 Kf6 44. Kh7 Kf7 45. Bc8 Kf6 46. Kg8 g5
47. h5 g4 48. h6 1-0

[Event "Veletrzni turnaj 2020"]
[Site "Brno"]
[Date "2020.08.24"]
[Round "3.11"]
[White "Nisztuk, Michal"]
[Black "Sikora, Lukas"]
[Result "0-1"]
[WhiteElo "1597"]
[BlackElo "1946"]
[PlyCount "58"]
[EventDate "2020.08.23"]

1. e4 c5 2. f4 g6 3. c3 d5 4. e5 d4 5. Bb5+ Bd7 6. Bxd7+ Qxd7 7. d3 Nc6 8. Nf3
O-O-O 9. c4 Qg4 10. Qe2 Bh6 11. Nxd4 Qxe2+ 12. Nxe2 Nb4 13. O-O Nc2 14. Rf3 e6
15. Na3 Nxa1 16. Bd2 Ne7 17. Nb5 Nc2 18. Nd6+ Rxd6 19. exd6 Nf5 20. d4 Ncxd4
21. Nxd4 Nxd4 22. Ra3 Bxf4 23. Bxf4 Ne2+ 24. Kf2 Nxf4 25. Rf3 e5 26. g3 Ne6 27.
Ke3 f5 28. g4 f4+ 29. Ke4 Ng5+ 0-1

[Event "Veletrzni turnaj 2020"]
[Site "Brno"]
[Date "2020.08.24"]
[Round "3.12"]
[White "Zeman, Arnost"]
[Black "Kacalek, Tomas"]
[Result "1/2-1/2"]
[WhiteElo "1842"]
[BlackElo "1589"]
[PlyCount "32"]
[EventDate "2020.08.23"]

1. c4 c5 2. Nf3 Nf6 3. Nc3 Nc6 4. g3 g6 5. Bg2 Bg7 6. O-O O-O 7. e3 d5 8. cxd5
Nxd5 9. Ne4 b6 10. a3 Bb7 11. Rb1 Rc8 12. Qe2 Nf6 13. Nxf6+ Bxf6 14. Ne1 Na5
15. b4 Bxg2 16. Nxg2 Nb7 1/2-1/2

[Event "Veletrzni turnaj 2020"]
[Site "Brno"]
[Date "2020.08.24"]
[Round "3.14"]
[White "Hradek, Matyas"]
[Black "Pelikan, Jaromir"]
[Result "1/2-1/2"]
[WhiteElo "1578"]
[BlackElo "1788"]
[PlyCount "43"]
[EventDate "2020.08.23"]

1. e4 c6 2. d4 d5 3. exd5 cxd5 4. Bd3 Nc6 5. c3 Nf6 6. Nf3 Bg4 7. h3 Bh5 8. Bf4
e6 9. O-O Bd6 10. Bxd6 Qxd6 11. Nbd2 O-O 12. Re1 Bg6 13. Bxg6 hxg6 14. Ne5 b5
15. a4 Rfb8 16. axb5 Rxb5 17. Ra6 Rc8 18. Qa1 Rb6 19. Rxb6 axb6 20. Qa6 Qc7 21.
Nxc6 Qxc6 22. Ra1 1/2-1/2

[Event "Veletrzni turnaj 2020"]
[Site "Brno"]
[Date "2020.08.24"]
[Round "3.15"]
[White "Brychta, Jan"]
[Black "Dvorakova, Olga"]
[Result "0-1"]
[WhiteElo "1490"]
[BlackElo "1758"]
[PlyCount "80"]
[EventDate "2020.08.23"]

1. Nf3 Nf6 2. g3 c5 3. Bg2 Nc6 4. O-O d5 5. d3 e5 6. Nbd2 Bg4 7. h3 Bh5 8. g4
Bg6 9. Nh4 Be7 10. Nxg6 hxg6 11. e4 d4 12. Nc4 b5 13. Na3 a6 14. f4 Nd7 15. c4
b4 16. Nc2 exf4 17. Bxf4 Nde5 18. Ne1 Bg5 19. Qd2 Bxf4 20. Qxf4 g5 21. Qg3 Qd6
22. Rd1 Ra7 23. Rf5 f6 24. Rd2 Ne7 25. Rff2 Nxc4 26. Qxd6 Nxd6 27. Rc2 Rc7 28.
Nf3 Ng6 29. Nxd4 Nf4 30. Nf3 Rxh3 31. e5 fxe5 32. Nxe5 Re3 33. d4 Nb5 34. Rfd2
Nxd4 35. Rc4 Rxe5 36. Kf2 Re2+ 37. Rxe2+ Nfxe2 38. Bf1 Nf4 39. Rc1 a5 40. Re1+
Re7 0-1

[Event "Veletrzni turnaj 2020"]
[Site "Brno"]
[Date "2020.08.24"]
[Round "3.16"]
[White "Hayrumyan, Artur"]
[Black "Neduchal, Jiri"]
[Result "1/2-1/2"]
[WhiteElo "1481"]
[BlackElo "1749"]
[PlyCount "60"]
[EventDate "2020.08.23"]

1. e4 c6 2. d4 d5 3. Nc3 dxe4 4. Nxe4 Bf5 5. Nc5 Qc7 6. Qf3 e6 7. Bf4 Bd6 8.
Bxd6 Qxd6 9. O-O-O b6 10. Ne4 Bxe4 11. Qxe4 Nf6 12. Qf3 Nbd7 13. g4 Nd5 14. Nh3
h6 15. Kb1 b5 16. Bg2 N7b6 17. Rhe1 Na4 18. Qb3 Nab6 19. f4 O-O 20. c3 Nc4 21.
Bxd5 cxd5 22. Qb4 Qxb4 23. cxb4 Rac8 24. Re2 Rc6 25. b3 Nd6 26. f5 Ne4 27. Kb2
Rfc8 28. Rde1 Rc3 29. Nf2 exf5 30. gxf5 Nxf2 1/2-1/2

[Event "Veletrzni turnaj 2020"]
[Site "Brno"]
[Date "2020.08.24"]
[Round "3.17"]
[White "Kucera, David"]
[Black "Haupt, Jaromir"]
[Result "0-1"]
[WhiteElo "1388"]
[BlackElo "1719"]
[PlyCount "26"]
[EventDate "2020.08.23"]

1. Nf3 Nf6 2. b3 g6 3. Bb2 Bg7 4. c4 c5 5. e3 O-O 6. Be2 d5 7. cxd5 Nxd5 8.
Bxg7 Kxg7 9. Qc2 Qd6 10. Qb2+ Qf6 11. Nc3 Nc6 12. a3 Bf5 13. d3 Qxc3+ 0-1

[Event "Veletrzni turnaj 2020"]
[Site "Brno"]
[Date "2020.08.24"]
[Round "3.18"]
[White "Lisik, Miroslav"]
[Black "Peska, Jan"]
[Result "1/2-1/2"]
[WhiteElo "1687"]
[BlackElo "1359"]
[PlyCount "44"]
[EventDate "2020.08.23"]

1. e4 c5 2. Nc3 Nc6 3. f4 d6 4. Nf3 e6 5. Bb5 Bd7 6. Bxc6 Bxc6 7. d3 Nf6 8. O-O
Be7 9. Qe1 O-O 10. e5 Ne8 11. Qg3 Rc8 12. Be3 g6 13. d4 Ng7 14. Qf2 Nf5 15.
Rad1 Bxf3 16. Qxf3 d5 17. Ne2 Nxe3 18. Qxe3 Qb6 19. Qb3 Qa6 20. Rfe1 cxd4 21.
Nxd4 Bc5 22. c3 Qb6 1/2-1/2

[Event "Veletrzni turnaj 2020"]
[Site "Brno"]
[Date "2020.08.24"]
[Round "3.20"]
[White "Vavrinkova, Anna"]
[Black "Karafiat, Vojtech"]
[Result "1-0"]
[WhiteElo "1657"]
[BlackElo "1179"]
[PlyCount "41"]
[EventDate "2020.08.23"]

1. e4 e5 2. Nf3 Nc6 3. Bb5 a6 4. Ba4 Nf6 5. O-O Be7 6. d3 b5 7. Bb3 d5 8. exd5
Nxd5 9. h3 O-O 10. Re1 Bd6 11. Bxd5 Bd7 12. d4 exd4 13. Nxd4 Re8 14. Nxc6 Rxe1+
15. Qxe1 Bxc6 16. Bxc6 Rb8 17. Be3 Qf6 18. c4 Rd8 19. Nd2 Bh2+ 20. Kxh2 Qxc6
21. Nf3 1-0

[Event "Veletrzni turnaj 2020"]
[Site "Brno"]
[Date "2020.08.24"]
[Round "3.23"]
[White "Habinova, Alice"]
[Black "Marcik, Filip"]
[Result "0-1"]
[WhiteElo "1431"]
[BlackElo "1264"]
[PlyCount "58"]
[EventDate "2020.08.23"]

1. e4 e5 2. f4 exf4 3. Nf3 g5 4. d4 g4 5. Ne5 Qh4+ 6. g3 fxg3 7. Qxg4 Qxg4 8.
Nxg4 gxh2 9. Rxh2 d5 10. Nf2 dxe4 11. Nxe4 Nc6 12. Be3 Bf5 13. Nbc3 O-O-O 14.
O-O-O Bg7 15. d5 Ne5 16. Bf4 Ne7 17. d6 N7g6 18. Bg5 Rd7 19. Rf2 Bg4 20. Be2
Bxe2 21. Rxe2 h6 22. Be3 Nc4 23. Bc5 b6 24. Bb4 a5 25. Ba3 Nxa3 26. bxa3 f5 27.
Nb5 c6 28. Nc7 fxe4 29. Rxe4 Be5 0-1

[Event "Veletrzni turnaj 2020"]
[Site "Brno"]
[Date "2020.08.24"]
[Round "3.26"]
[White "Tajovsky, Simon"]
[Black "Vojtek, Pavel"]
[Result "1/2-1/2"]
[WhiteElo "1624"]
[BlackElo "1352"]
[PlyCount "58"]
[EventDate "2020.08.23"]

1. d4 d6 2. c4 Nf6 3. Nc3 g6 4. e4 Bg7 5. f3 O-O 6. Be3 e5 7. d5 Kh8 8. Qd2 Rg8
9. O-O-O Nbd7 10. g4 b6 11. h4 Nc5 12. h5 a5 13. hxg6 fxg6 14. Bg5 Bf8 15. Nge2
a4 16. Ng3 a3 17. b3 Be7 18. Kb1 Nfd7 19. Bh6 Bf8 20. Be3 Rg7 21. Qh2 Be7 22.
Bh3 Bg5 23. Bxg5 Qxg5 24. Rdg1 Qe3 25. Nb5 Nf8 26. Qe2 Qd3+ 27. Qxd3 Nxd3 28.
Ne2 Rf7 29. Rf1 g5 1/2-1/2

[Event "Veletrzni turnaj 2020"]
[Site "Brno"]
[Date "2020.08.24"]
[Round "3.27"]
[White "Doskar, Miloslav"]
[Black "Komarek, Tobias"]
[Result "1-0"]
[WhiteElo "1602"]
[BlackElo "1222"]
[PlyCount "85"]
[EventDate "2020.08.23"]

1. d4 d5 2. Nf3 e6 3. c4 Nf6 4. Nc3 Be7 5. Bg5 O-O 6. e3 h6 7. Bh4 Nbd7 8. Bd3
b6 9. O-O Bb7 10. Qe2 c5 11. Rfd1 Rc8 12. Rac1 cxd4 13. Nxd4 dxc4 14. Bxc4 Qc7
15. Ba6 Qb8 16. Bxb7 Qxb7 17. Ndb5 Rfd8 18. Nd6 Bxd6 19. Rxd6 g5 20. Bg3 Nc5
21. Rcd1 Rxd6 22. Bxd6 Nce4 23. Be5 Nxc3 24. Bxc3 Nd5 25. Be1 Qc6 26. g3 Qc2
27. Rd2 Qc5 28. a3 Rc7 29. e4 Nf6 30. Rd8+ Kg7 31. Bc3 Qe7 32. Qd1 Kg6 33. Bb4
Rc5 34. Bxc5 Qxc5 35. Qe2 Qe5 36. f3 Qc5+ 37. Kg2 Qc7 38. Rd2 Qc5 39. Qd3 Kg7
40. Rc2 Qe5 41. Qc3 Qxc3 42. Rxc3 Ne8 43. Rc8 1-0

[Event "Veletrzni turnaj 2020"]
[Site "Brno"]
[Date "2020.08.24"]
[Round "3.28"]
[White "Zamarska, Dagmar"]
[Black "Lazniewska, Zofia"]
[Result "0-1"]
[WhiteElo "1524"]
[BlackElo "1217"]
[PlyCount "85"]
[EventDate "2020.08.23"]

1. d4 d5 2. c4 e6 3. Nc3 Nf6 4. Bg5 Be7 5. Bxf6 Bxf6 6. e3 c6 7. Nf3 Nd7 8. Bd3
O-O 9. Qc2 h6 10. b3 Re8 11. O-O dxc4 12. bxc4 e5 13. Rfe1 exd4 14. exd4 Be7
15. a3 Nf6 16. c5 Bg4 17. Ne5 Qxd4 18. Bc4 Be6 19. Bxe6 fxe6 20. Rac1 Qxc5 21.
Qg6 Bf8 22. Nf7 Qh5 23. Qxh5 Nxh5 24. Ne5 Bxa3 25. Rb1 Nf6 26. h3 Bc5 27. Kf1
Bb6 28. Na4 Nd5 29. g3 Red8 30. Ke2 Bc7 31. Nd3 b5 32. Nac5 Nc3+ 33. Kd2 Nxb1+
34. Rxb1 Re8 35. Nb4 Ba5 36. Ke3 Bxb4 37. Rxb4 a5 38. Rd4 Rad8 39. Re4 a4 40.
Rb4 a3 41. Ke2 a2 42. Nb3 a1=Q 43. Nxa1 0-1

[Event "Veletrzni turnaj 2020"]
[Site "Brno"]
[Date "2020.08.24"]
[Round "3.29"]
[White "Brda, Vlastimil"]
[Black "Sauman, Petr"]
[Result "0-1"]
[WhiteElo "1211"]
[BlackElo "1387"]
[PlyCount "101"]
[EventDate "2020.08.23"]

1. e4 c5 2. Ne2 Nc6 3. c3 Nf6 4. d3 d6 5. Nf4 e6 6. Be2 Be7 7. Nh5 O-O 8. Nd2
Bd7 9. Nc4 b5 10. Nxf6+ Bxf6 11. Ne3 g6 12. Bd2 Rc8 13. Ng4 Bg7 14. Nh6+ Kh8
15. h4 Ne7 16. g3 Ng8 17. Qc1 b4 18. c4 Qf6 19. Rb1 Bc6 20. Bf4 Bxh6 21. Bg5
Bxg5 22. hxg5 Qg7 23. f4 f6 24. Bg4 f5 25. Bf3 fxe4 26. dxe4 e5 27. Qe3 exf4
28. gxf4 Qf7 29. Rh4 Rce8 30. b3 Qe7 31. Kf2 Bxe4 32. Rbh1 h5 33. Re1 Bxf3 34.
Qxe7 Rxe7 35. Rxe7 Nxe7 36. Kxf3 Nf5 37. Rh1 Re8 38. Ra1 Re3+ 39. Kf2 h4 40. a3
Rxb3 41. axb4 Rxb4 42. Rxa7 Rb8 43. Kf3 h3 44. Ra1 Rb3+ 45. Ke4 h2 46. Ra8+ Kg7
47. Ra7+ Kf8 48. Rh7 h1=Q+ 49. Rxh1 Ng3+ 50. Kd5 Nxh1 51. Kxd6 0-1

[Event "Veletrzni turnaj 2020"]
[Site "Brno"]
[Date "2020.08.24"]
[Round "3.31"]
[White "Daniel, Antonin"]
[Black "Saskova, Renata"]
[Result "0-1"]
[WhiteElo "1379"]
[BlackElo "1132"]
[PlyCount "168"]
[EventDate "2020.08.23"]

1. e4 c5 2. Nf3 d6 3. h3 Nf6 4. Nc3 e6 5. d4 cxd4 6. Nxd4 Nc6 7. Bb5 Bd7 8.
Nxc6 bxc6 9. Ba4 Qb6 10. O-O Be7 11. Rb1 O-O 12. Bg5 Qc5 13. Be3 Qc4 14. Bb3
Qb4 15. a3 Qb7 16. Qf3 c5 17. Bg5 Bc6 18. Bxf6 Bxf6 19. Ba4 Rab8 20. Bxc6 Qxc6
21. b3 Bxc3 22. Qxc3 Qxe4 23. Rfe1 Qf5 24. Rbd1 Rfd8 25. Rd3 Rb6 26. Rg3 g6 27.
Ree3 Rd7 28. Rgf3 Qd5 29. Rd3 Qg5 30. Rd1 Rc6 31. Rg3 Qf4 32. Rg4 Qf5 33. b4
Rdc7 34. Rc4 a6 35. Qg3 d5 36. Rc3 cxb4 37. Rxc6 Rxc6 38. axb4 Rxc2 39. Rf1 Qe4
40. Qa3 Qc4 41. Qa5 d4 42. Rd1 Qe2 43. Qd8+ Kg7 44. Qxd4+ Kg8 45. Qd8+ Kg7 46.
Qd4+ e5 47. Qg4 Qxf2+ 48. Kh1 f5 49. Qf3 Qxf3 50. gxf3 Rf2 51. Rd3 e4 52. fxe4
fxe4 53. Re3 Rf4 54. Kg2 Kf6 55. Kg3 g5 56. Rc3 Ke5 57. Rc5+ Kd4 58. Rxg5 Rf3+
59. Kg2 Rb3 60. Ra5 Rxb4 61. Rxa6 e3 62. Kf3 Rb3 63. Ra4+ Kd3 64. Re4 Kd2 65.
Rd4+ Ke1 66. Kg2 Rb2+ 67. Kf3 Rb3 68. Kg2 e2 69. h4 Rb2 70. Kg3 Rd2 71. Re4 Kd1
72. Kg4 e1=Q 73. Rxe1+ Kxe1 74. Kg5 Rd7 75. h5 Kf2 76. Kh6 Ke3 77. Kg5 Rd6 78.
Kf5 Kf3 79. Kg5 Kg3 80. h6 Rd5+ 81. Kf6 Kg4 82. Kg7 Rd7+ 83. Kh8 Kh5 84. Kg8
Kxh6 0-1

[Event "Veletrzni turnaj 2020"]
[Site "Brno"]
[Date "2020.08.25"]
[Round "4.1"]
[White "Vyskocil, Neklan"]
[Black "Meszaros, Ludek"]
[Result "1-0"]
[WhiteElo "2294"]
[BlackElo "2067"]
[PlyCount "60"]
[EventDate "2020.08.23"]

1. e4 g6 2. d4 Bg7 3. Nc3 d6 4. g3 Nf6 5. Bg2 O-O 6. Nge2 c6 7. O-O a5 8. h3
Na6 9. Be3 Nc7 10. Qd2 b6 11. g4 Bb7 12. f4 b5 13. Ng3 b4 14. Nce2 Na6 15. f5
Qc7 16. Bh6 e5 17. Nh5 Nxh5 18. gxh5 f6 19. hxg6 Bxh6 20. Qxh6 Qg7 21. Qh5 Rae8
22. Rad1 exd4 23. Nxd4 Nc5 24. Rf4 h6 25. Rh4 Re5 26. Qxh6 Qxh6 27. Rxh6 Nxe4
28. Bxe4 Rxe4 29. Ne6 Rxe6 30. fxe6 d5 1-0

[Event "Veletrzni turnaj 2020"]
[Site "Brno"]
[Date "2020.08.25"]
[Round "4.2"]
[White "Pribyl, Rene"]
[Black "Glozar, Petr"]
[Result "1/2-1/2"]
[WhiteElo "1950"]
[BlackElo "2010"]
[PlyCount "60"]
[EventDate "2020.08.23"]

1. d4 Nf6 2. c4 g6 3. Nc3 d5 4. cxd5 Nxd5 5. e4 Nxc3 6. bxc3 Bg7 7. Be3 c5 8.
Bc4 O-O 9. Ne2 Nc6 10. O-O Bg4 11. f3 Na5 12. Bxf7+ Rxf7 13. fxg4 Rxf1+ 14.
Kxf1 cxd4 15. cxd4 Qc7 16. Kg1 Nc4 17. Rc1 b5 18. Qb3 Qa5 19. a4 Kh8 20. Bf2 a6
21. axb5 axb5 22. Be1 Qa2 23. Qxb5 Qxe2 24. Qxc4 Qxe4 25. Bf2 Qxg4 26. h3 Qf4
27. d5 Qd2 28. Re1 Rf8 29. Re2 Qd1+ 30. Re1 Qd2 1/2-1/2

[Event "Veletrzni turnaj 2020"]
[Site "Brno"]
[Date "2020.08.25"]
[Round "4.3"]
[White "Wunsch, Radek"]
[Black "Snorek, Milan"]
[Result "1-0"]
[WhiteElo "1902"]
[BlackElo "1963"]
[PlyCount "67"]
[EventDate "2020.08.23"]

1. e4 e5 2. Nf3 Nf6 3. d4 Nxe4 4. Bd3 d5 5. Nxe5 Nd7 6. Nxd7 Bxd7 7. O-O Qh4 8.
g3 Qh3 (8... Qf6 {0,49}) 9. f3 {1,71} Nf6 {3,88} (9... Nd6 {1,54}) 10. Re1+ Be7
(10... Be6) 11. Bf1 Qh5 12. Re5 Bf5 13. Qe2 O-O-O 14. Rxe7 Be6 15. Bf4 Nd7 16.
Nc3 a6 17. b4 Qf5 18. Qe3 h6 19. Be5 Nxe5 20. Qxe5 Qxe5 21. dxe5 Rdf8 22. Ne2
Kd8 23. Rxe6 fxe6 24. Nd4 Kd7 25. Bh3 Re8 {2,29} 26. Rd1 b6 27. c4 c5 28. bxc5
bxc5 29. Nxe6 d4 30. Nxg7+ Kc7 31. Nxe8+ Rxe8 32. f4 Rb8 33. Rd2 a5 34. f5 1-0

[Event "Veletrzni turnaj 2020"]
[Site "Brno"]
[Date "2020.08.25"]
[Round "4.4"]
[White "Lukas, Frantisek"]
[Black "Stehlik, Jiri"]
[Result "1/2-1/2"]
[WhiteElo "1849"]
[BlackElo "1945"]
[PlyCount "92"]
[EventDate "2020.08.23"]

1. d4 Nf6 2. c4 c6 3. Nc3 d6 4. Nf3 Bf5 5. e3 Nbd7 6. Bd3 Bxd3 7. Qxd3 e5 8.
O-O Be7 9. b3 O-O 10. Bb2 Qc7 11. Rfd1 Rad8 12. Rac1 Rfe8 13. e4 Bf8 14. d5 c5
15. a3 a6 16. b4 g6 17. Rc2 Bh6 18. Bc1 Bxc1 19. Rdxc1 Rb8 20. Nd2 Nh5 21. Nb3
b6 22. b5 a5 23. Nd2 Rf8 24. Nf3 Qd8 25. Qd2 Kg7 26. Rf1 h6 27. Qe3 f5 28. Nd2
f4 29. Qh3 Qe7 30. Rcc1 Ndf6 31. f3 Qd7 32. Qxd7+ Nxd7 33. a4 Kh7 34. Ne2 g5
35. Kf2 Ndf6 36. Rh1 g4 37. Rcg1 Rg8 38. Kf1 Rg6 39. Nc3 Rbg8 40. Ne2 Rg5 41.
Nc1 Ng7 42. Nd3 Rg6 43. Nc1 h5 44. h4 Kh8 45. Nd3 g3 46. Ke2 Kh7 1/2-1/2